000 00995nam a2200301 a 4500
001 vtls001821167
003 NLI
005 20210629053702.0
008 140216s1827 ii a 000 0 eng
039 9 _y201402160037
_zVLOAD
040 _a NLI
_b eng
_c Entertech IMP - 2013
_e AACR2
041 0 _aeng
044 _aii
082 _a239
100 1 _aJones, William,
_cSir
_9757778
245 1 4 _aThe Late Sir William Jones Founder and President of the Asiatic Society, Calcutta /
_cdrawn on stone by P. Savinghac...[et al.]
260 _aCalcutta :
_bAsiatic Litho Press,
_c1827
300 _b25 ill. ;
_c25 X 34 cm.
500 _aFront, port. (William Jones) Brittle ; T. P. missing, letter press at the bottom of each plate
650 0 _aSinhalasa
_91144572
650 0 _aJewish
_xHistory
_91144573
700 1 _aSavinghac, P
_91182005
887 _a
901 _aIMP131044
902 _a239 A 55.
949 _AVIRTUAITEM
_D10000
_X100
_6IMP000131044ENG
942 _2ddc
_cBKS
999 _c1257166
_d1257166